00947nam a22002057a 4500999001700000003000900017008004100026040007100067082002300138100002600161245005500187260001900242300005200261505026600313650002700579650001500606942001600621945000800637952009600645 c20994d20994AR-CdUCM190723b ||||| |||| 00| 0 spa d aMUNICIPALIDAD PROVINCIAL DEL CUSCOcBIBLIOTECA MUNICIPAL DEL CUSCO aC / 391.985 /bV63 aVidal de Milla, Delia aDocumental de la historia de la Linea Cuzqueña / aCusco :c1969. bfotografías , ilustraciones ;c33 páginas ; aContenido : Primer desfile de trajes 1955-Hotel Cusco -- Concurso de la muñeca peruana 1958 -- Concurso de industrias turísticas 1963 -- Museo del traje típico -- Desfile presentado en la ciudad de Trujillo con motivo de la fiesta de la primavera 1964 ... aTraje típicos943790 aCusco9772 2ddccLIBROS azta 002ddc4070aSCAbSCAcCARTd2019-07-23oC / 391.985 / V63pSCA0003841r2019-07-23yLIBROS